<?xml version="1.0" encoding="UTF-8"?>
<record
    xmlns:xsi="http://www.w3.org/2001/XMLSchema-instance"
    xsi:schemaLocation="http://www.loc.gov/MARC21/slim http://www.loc.gov/standards/marcxml/schema/MARC21slim.xsd"
    xmlns="http://www.loc.gov/MARC21/slim">

  <leader>01246nam a2200277 i 4500</leader>
  <controlfield tag="001">000000183115</controlfield>
  <controlfield tag="003">IT-MiSPE</controlfield>
  <controlfield tag="005">20250327161706.0</controlfield>
  <controlfield tag="008">190429t2015    it       b    00| 0dita d</controlfield>
  <datafield tag="020" ind1=" " ind2=" ">
    <subfield code="a">9771826380362</subfield>
  </datafield>
  <datafield tag="040" ind1=" " ind2=" ">
    <subfield code="a">IT-MiSPE</subfield>
    <subfield code="b">ita</subfield>
    <subfield code="e">rda</subfield>
    <subfield code="c">IT-MiSPE</subfield>
    <subfield code="d">IT-MiSPE</subfield>
  </datafield>
  <datafield tag="041" ind1="1" ind2=" ">
    <subfield code="a">ita</subfield>
  </datafield>
  <datafield tag="082" ind1=" " ind2=" ">
    <subfield code="a">183.2-SOC vi (ppv 23412)</subfield>
  </datafield>
  <datafield tag="245" ind1="1" ind2="0">
    <subfield code="a">Socrate :</subfield>
    <subfield code="b">vita, pensiero, testimonianze /</subfield>
    <subfield code="c">Alessandro Ravera (per la vita); Francesco Adorno (per il pensiero e la storia della critica); Gabriele Giannantoni (a cura di, per i testi)</subfield>
  </datafield>
  <datafield tag="264" ind1=" " ind2="1">
    <subfield code="a">Milano :</subfield>
    <subfield code="b">Il Sole 24 Ore,</subfield>
    <subfield code="c">[2006]</subfield>
  </datafield>
  <datafield tag="264" ind1=" " ind2="4">
    <subfield code="c">c2006</subfield>
  </datafield>
  <datafield tag="300" ind1=" " ind2=" ">
    <subfield code="a">581 p. ;</subfield>
    <subfield code="c">22 cm.</subfield>
  </datafield>
  <datafield tag="490" ind1="1" ind2=" ">
    <subfield code="a">I Grandi Filosofi (opere scelte di Armando Massarenti);</subfield>
    <subfield code="v">01</subfield>
  </datafield>
  <datafield tag="520" ind1=" " ind2=" ">
    <subfield code="a">Vita, pensiero e testimonianze.
La vita, il glossario, le scede di approfondimento, la cronologia (testi di Alessandro Ravera).
Pensiero e la storia della critica (testi di Francesco Adorno).
Testi (a cura di Gabriele Giannantoni).</subfield>
  </datafield>
  <datafield tag="655" ind1=" " ind2=" ">
    <subfield code="a">Socrates</subfield>
    <subfield code="v">Filosofia greca.</subfield>
    <subfield code="9">62018</subfield>
  </datafield>
  <datafield tag="700" ind1=" " ind2=" ">
    <subfield code="a">Massarenti, Armando</subfield>
    <subfield code="e">curatore</subfield>
    <subfield code="9">62019</subfield>
  </datafield>
  <datafield tag="700" ind1=" " ind2=" ">
    <subfield code="a">Ravera, Alessandro</subfield>
    <subfield code="e">autore</subfield>
    <subfield code="9">62020</subfield>
  </datafield>
  <datafield tag="700" ind1=" " ind2=" ">
    <subfield code="a">Adorno, Francesco</subfield>
    <subfield code="e">autore</subfield>
    <subfield code="9">62021</subfield>
  </datafield>
  <datafield tag="700" ind1=" " ind2=" ">
    <subfield code="a">Giannantoni, Gabriele</subfield>
    <subfield code="e">curatore</subfield>
    <subfield code="9">62022</subfield>
  </datafield>
  <datafield tag="942" ind1=" " ind2=" ">
    <subfield code="2">pusc</subfield>
    <subfield code="c">BK</subfield>
  </datafield>
  <datafield tag="999" ind1=" " ind2=" ">
    <subfield code="c">360474</subfield>
    <subfield code="d">360474</subfield>
  </datafield>
  <datafield tag="952" ind1=" " ind2=" ">
    <subfield code="0">0</subfield>
    <subfield code="1">0</subfield>
    <subfield code="2">ddc</subfield>
    <subfield code="4">0</subfield>
    <subfield code="6">183_000000000000000_2SOC_VI_PPV_23412</subfield>
    <subfield code="7">1</subfield>
    <subfield code="a">CINISELLO</subfield>
    <subfield code="b">CINISELLO</subfield>
    <subfield code="d">2025-03-27</subfield>
    <subfield code="l">0</subfield>
    <subfield code="o">183.2-SOC vi (ppv 23412)</subfield>
    <subfield code="p">9771826380362</subfield>
    <subfield code="r">2025-03-27 16:15:02</subfield>
    <subfield code="w">2025-03-27</subfield>
    <subfield code="y">BK</subfield>
  </datafield>
</record>
